Electrical Drawing for National Certificate (Record no. 193496)
[ view plain ]
| 000 -LEADER | |
|---|---|
| fixed length control field | 00721 a2200169 4500 |
| 003 - CONTROL NUMBER IDENTIFIER | |
| control field | Nust |
| 005 - DATE AND TIME OF LATEST TRANSACTION | |
| control field | 20170207154059.0 |
| 040 ## - CATALOGING SOURCE | |
| Transcribing agency | Nust |
| 082 ## - DEWEY DECIMAL CLASSIFICATION NUMBER | |
| Classification number | 604.2 |
| 100 ## - MAIN ENTRY--PERSONAL NAME | |
| Personal name | T.H.Hewitt, A.M.I.E.E |
| 245 ## - TITLE STATEMENT | |
| Title | Electrical Drawing for National Certificate |
| Statement of responsibility, etc. | TH Hewitt ,A.M.I.E.E |
| 260 ## - PUBLICATION, DISTRIBUTION, ETC. | |
| Place of publication, distribution, etc. | london |
| Name of publisher, distributor, etc. | Cleaver-Hume Press |
| Date of publication, distribution, etc. | 1963 |
| 300 ## - PHYSICAL DESCRIPTION | |
| Extent | 134p |
| 505 ## - FORMATTED CONTENTS NOTE | |
| Formatted contents note | 1.fundamentals (page 1)2.standards(page 22)3.geometrical drawing (page 46)4.dimensions(page 63)5.section views(page 71)6.further exercises in orthographic projection(page 78)7.details to be asembled(page 94)8.workshop drawing (page 112)9.design (page 128)10.printed circuits(page 147)index(page 167) |
| 538 ## - SYSTEM DETAILS NOTE | |
| System details note | Almirah No.28and Shelf No.1 |
| 650 ## - SUBJECT ADDED ENTRY--TOPICAL TERM | |
| Topical term or geographic name entry element | Electrical Drawing |
| 942 ## - ADDED ENTRY ELEMENTS (KOHA) | |
| Koha item type | Reference |
| Withdrawn status | Lost status | Source of classification or shelving scheme | Damaged status | Not for loan | Collection code | Permanent Location | Current Location | Date acquired | Total Checkouts | Full call number | Barcode | Date last seen | Price effective from | Koha item type |
|---|---|---|---|---|---|---|---|---|---|---|---|---|---|---|
| Military College of Signals (MCS) | Military College of Signals (MCS) | 12/12/2016 | 604.2 HEW | MCS744 | 12/08/2016 | 12/12/2016 | Book |
